Biggest City in Each US State by Letter - Q - Statistics

General Stats
  • This quiz has been taken 100 times
  • The average score is 9 of 26
Answer Stats
State Population Answer % Correct
Massachusetts 101,636 Quincy
92%
Illinois 39,463 Quincy
92%
Florida 7,970 Quincy
92%
Washington 7,543 Quincy
92%
Michigan 1,554 Quincy
92%
Ohio 536 Quincy
92%
Arizona 59,519 Queen Creek
34%
Maryland 705 Queenstown
34%
Georgia 4,064 Quitman
30%
Mississippi 2,061 Quitman
30%
Arkansas 694 Quitman
30%
Louisiana 160 Quitman
30%
Pennsylvania 9,359 Quakertown
27%
Missouri 562 Queen City
23%
South Dakota 63 Quinn
22%
Texas 2,279 Quanah
18%
Oklahoma 863 Quinton
11%
Kansas 929 Quinter
7%
Virginia 577 Quantico
5%
New Mexico 1,742 Questa
5%
New York 1,662 Quogue
5%
Iowa 570 Quasqueton
4%
South Carolina 915 Quinby
4%
Minnesota 107 Quamba
3%
West Virginia 220 Quinwood
3%
Alaska 776 Quinhagak
1%
No matching quizzes found
Score Distribution
Percent of People with Each Score
Percentile by Number Answered
Your Score History
You have not taken this quiz